000 01580nam0a22003611 4500
001 v19\rc\1533314
005 20250618175330.0
035 _a(NLR Aleph) 004652794
090 _a3444990
_c3444990
100 _a20060620g18881889|||y0rusy50 ca
101 0 _arus
102 _aRU
105 _ay j |||||
200 1 _aКурс лекций о болезнях детского возраста
_fИ.В. Троицкий, пр.-доц. Ун-та св. Владимира
205 _a2-е изд., испр. и доп. [Вып. 1-2]
210 _aКиев
_cФ.А. Иогансон
_d1888-1889
215 _a2 т.
_d22
300 _aЧастное загл. вып. 2: Болезни пищеварительного канала
320 _aБиблиогр. в 1 вып. в конце текста
327 1 _aСодерж.: Вып. 1. Общая часть. Вып. 2. Болезни органов пищеварения
464 0 _12001#$aОбщая часть$aБолезни органов пищеварения
_tБолезни органов пищеварения
517 0 _aБолезни пищеварительного канала
700 1 _aТроицкий
_bИ.В.
_f1854-1923
_gИван Виссарионович
801 0 _aRU
_bNLR
_gpsbo
801 0 _aRU
_bRuMoRGB
_2psbo
801 1 _aRU
_bProSoft-M
_2rusmarc
852 _aNLR
_j18.274.2.33(вып. 1-2)
899 _aRuMoRGB
_jA 172/58
899 _aRuMoRGB
_jФ 1-73/16660 (вып. 1)
899 _aRuMoRGB
_jФ 1-73/16661 (вып. 2)
899 _aБАН
942 _cBOOK
980 _aNB